Diputación Provincial de Barcelona presupuesto general ordinario para el ejercicio de 1929
Descripción Física:
v. ; 21 x 30 cm
MARC
| LEADER | 00000nam a2200000Ia 4500 | ||
|---|---|---|---|
| 001 | 8564 | ||
| 008 | 160829s1873 - 1982 xx 000 0 cat d | ||
| 080 | |a Pressupostos | ||
| 110 | 1 | |a Barcelona (Catalunya : Província). |b Diputació |9 52408 | |
| 240 | |a Presupuesto 1929 | ||
| 245 | |a Diputación Provincial de Barcelona presupuesto general ordinario para el ejercicio de 1929 | ||
| 260 | |a Barcelona : |b Diputació, |c 1873 - 1982 | ||
| 300 | |a v. ; |c 21 x 30 cm | ||
| 610 | 1 | 0 | |a Barcelona (Catalunya : Província). |b Diputació |x Assignacions pressupostàries i despeses |9 53789 |
| 901 | |a Arxiu | ||
| 942 | |n 1 |2 udc | ||
| 952 | |0 0 |1 0 |2 udc |4 0 |7 1 |9 60642 |a Arxiu |b Arxiu |d 2021-03-26 |r 2021-03-26 00:00:00 |w 2021-03-26 | ||
| 999 | |c 80611 |d 80611 | ||
| 900 | |a bib_8564_1929_baixa.pdf | ||